00596 2200217 4500001002100000005001500021035002000036007000300056008004100059020001800100082000800118084001400126100002100140245009200161250001100253260003000264300004000294650002400334990000900358990001100367INLIS00000000000611520201020014801 a0010-1020000025ta201020 g 0 ind  a9789792931822 a614 a614 SUN s0 aSUNARDI,Yohannes1 aSehat tapi Enak :b25 Resep Sehat berdasarkan khasiat warna makanan /cYohannes Sunardi acet.21 aYogyakarta :bANDI,c2010 axii,84 hlm :b.ilus ;c16,5 x 21 cm 4aHealth Food Cooking a3682 a3682 b